The structure, organization and expression of plant histone H3 genes

Elmentve itt :
Bibliográfiai részletek
Szerző: Wu Sheng-Cheng
További közreműködők: Dudits Dénes (Témavezető)
Tan Chia-Chen (Témavezető)
Wang Xun-Ming (Témavezető)
Dokumentumtípus: Disszertáció
Megjelent: 1989
Kulcsszavak:Genetika
Tárgyszavak:
Online Access:http://doktori.ek.szte.hu/5845
LEADER 00767nta a2200229 i 4500
001 dokt5845
005 20220614081802.0
008 220614s1989 hu om 0|| eng d
040 |a SZTE Doktori Repozitórium  |b hun 
041 |a eng 
100 1 |a Wu Sheng-Cheng 
245 1 4 |a The structure, organization and expression of plant histone H3 genes  |h [elektronikus dokumentum] /  |c  Wu Sheng-Cheng 
260 |c 1989 
502 |a Disszertacio 
650 4 |a biológiai tudományok 
650 4 |a Természettudományok 
650 4 |a Biológiai tudományok 
695 |a Genetika 
700 0 1 |a Dudits Dénes  |e ths 
700 0 1 |a Tan Chia-Chen  |e ths 
700 0 1 |a Wang Xun-Ming  |e ths 
856 4 0 |u https://doktori.bibl.u-szeged.hu/id/eprint/5845/1/1989_sheng-cheng_wu.pdf  |z Dokumentum-elérés